Loading...
Creativity in English language teaching
| Format: | Printed Book |
|---|---|
| Published: |
New Delhi
Anmol
1998
|
| Edition: | 1st ed. |
| Series: | Modrrn methods of teaching English series
|
| Subjects: |
| LEADER | 00563cam a2200169ua 4500 | ||
|---|---|---|---|
| 020 | |a 81-7488-984-1 | ||
| 082 | |a 372.652 104 4 |b VER/C | ||
| 245 | 1 | 0 | |a Creativity in English language teaching |
| 250 | |a 1st ed. | ||
| 260 | |a New Delhi |b Anmol |c 1998 | ||
| 300 | |a 435p.. | ||
| 490 | 0 | |a Modrrn methods of teaching English series | |
| 650 | |a Forigen languages and bilingual instruction | ||
| 650 | 0 | |a Education | |
| 942 | |c BK | ||
| 999 | |c 8846 |d 8846 | ||
| 952 | |0 0 |1 0 |4 0 |6 372_652000000000000_104_4_VERC |7 0 |9 9225 |a KUCL |b KUCL |d 2014-05-23 |l 0 |o 372.652 104 4 VER/C |p 02167 |r 2014-05-23 |y BK | ||